Proceeding national conference on advances in material science/ (Record no. 193701)

MARC details
000 -LEADER
fixed length control field 00617nam a22001937a 4500
005 - DATE AND TIME OF LATEST TRANSACTION
control field 20221109165212.0
010 ## - LCCN (DPL NO)
LC control number ENG-135634
020 ## - INTERNATIONAL STANDARD BOOK NUMBER
International Standard Book Number 9789381236161
Terms of availability 250.00
035 ## - SYSTEM CONTROL NUMBER
System control number EN-119166
037 ## - SOURCE OF ACQUISITION
Source of stock number/acquisition DBAD/PUB
082 ## - DEWEY DECIMAL CLASSIFICATION NUMBER
Classification number 620.11
245 ## - TITLE STATEMENT
Title Proceeding national conference on advances in material science/
Statement of responsibility, etc edited by D. Geetha & P.S. Ramesh
260 ## - PUBLICATION, DISTRIBUTION, ETC. (IMPRINT)
Place of publication, distribution, etc Chidambaram
Name of publisher, distributor, etc Sri Velan Pathippagam
Date of publication, distribution, etc 2012
270 ## - ADDRESS
Address S.P. Koil Street
City Chidambaram
Postal code 608001
300 ## - PHYSICAL DESCRIPTION
Extent 255p.
Dimensions 19cm(pbk)
Other physical details Reference & Index
700 ## - ADDED ENTRY--PERSONAL NAME
Personal name Geetha, D.
700 ## - ADDED ENTRY--PERSONAL NAME
Personal name Ramesh, P.S.
942 ## - ADDED ENTRY ELEMENTS (KOHA)
Source of classification or shelving scheme Dewey Decimal Classification
Item type English Books
Call number suffix GEE
Classification part 620.11

No items available.


© Delhi Public Library
Hit Counter
free hit counter